Case studies for the first year : (Record no. 28937)

000 -LEADER
fixed length control field 01177cam a22002654a 4500
001 - CONTROL NUMBER
control field 13118239
005 - DATE AND TIME OF LATEST TRANSACTION
control field 20171018020119.0
008 - FIXED-LENGTH DATA ELEMENTS--GENERAL INFORMATION
fixed length control field 030310s2004 njua 000 0 eng
010 ## - LIBRARY OF CONGRESS CONTROL NUMBER
LC control number 2003045991
020 ## - INTERNATIONAL STANDARD BOOK NUMBER
International Standard Book Number 0131115251
040 ## - CATALOGING SOURCE
Original cataloging agency DLC
Transcribing agency DLC
Modifying agency DLC
042 ## - AUTHENTICATION CODE
Authentication code pcc
050 00 - LIBRARY OF CONGRESS CALL NUMBER
Classification number LB2395.35
Item number .S54 2004
100 1# - MAIN ENTRY--PERSONAL NAME
Personal name Sherfield, Robert M.
245 10 - TITLE STATEMENT
Title Case studies for the first year :
Remainder of title an odyssey into critical thinking and problem solving /
Statement of responsibility, etc. Robert M. Sherfield, Rhonda J. Montgomery, Patricia G. Moody.
260 ## - PUBLICATION, DISTRIBUTION, ETC. (IMPRINT)
Place of publication, distribution, etc. Upper Saddle River, N.J. :
Name of publisher, distributor, etc. Pearson/Prentice Hall,
Date of publication, distribution, etc. c2004.
300 ## - PHYSICAL DESCRIPTION
Extent v, 266 p. :
Other physical details ill. ;
Dimensions 23 cm.
650 #0 - SUBJECT ADDED ENTRY--TOPICAL TERM
Topical term or geographic name as entry element Critical thinking
General subdivision Study and teaching (Higher)
Form subdivision Case studies.
650 #0 - SUBJECT ADDED ENTRY--TOPICAL TERM
Topical term or geographic name as entry element Case method
General subdivision Study and teaching (Higher)
700 1# - ADDED ENTRY--PERSONAL NAME
Personal name Montgomery, Rhonda J.
700 1# - ADDED ENTRY--PERSONAL NAME
Personal name Moody, Patricia G.
906 ## - LOCAL DATA ELEMENT F, LDF (RLIN)
a 7
b cbc
c orignew
d 1
e ocip
f 20
g y-gencatlg
942 ## - ADDED ENTRY ELEMENTS (KOHA)
Source of classification or shelving scheme
Koha item type Hard Covered Materials
Koha issues (borrowed), all copies 2
Holdings
Withdrawn status Lost status Source of classification or shelving scheme Damaged status Not for loan Home library Current library Shelving location Date acquired Total Checkouts Full call number Barcode Date last seen Date last checked out Price effective from Koha item type
          MACHAKOS UNIVERSITY LIBRARY MACHAKOS UNIVERSITY LIBRARY Open shelf 29/06/2017 2 LB 2395.35 .S54 2004 95 19/10/2017 17/10/2017 29/06/2017 Hard Covered Materials
© Machakos University Library, Along The Highway, Machakos Wote Rd, Machakos, Kenya P.O. Box 136 - 90100 Machakos - Kenya

Tel: ( +254 ) 723 805829 OR Fax : 044-20353 OR Email: library@mksu.ac.ke